| 000 | 00000nam##2200000za#4500 |
| 001 | 9.597674 |
| 003 | CaOODSP |
| 005 | 20210624204149 |
| 007 | cr ||||||||||| |
| 008 | 150406|2002||||xxc|||||o f|0| 0 fre|d |
| 040 | |aCaOODSP|bfre |
| 043 | |an-cn--- |
| 086 | 1 |aTU3-5/02-32F-PDF |
| 110 | 2 |aBureau de la sécurité des transports du Canada. |
| 245 | 10|aSéparation de l'aile droite en vol du Gilles Léger Super Chipmunk C-GLSC à Saint-Stanislas de Kostka (Québec), le 14 juillet 2002 |h[ressource électronique] |
| 260 | |aGatineau - Québec : |bBureau de la sécurité des transports du Canada |c[2005]. |
| 300 | |a10p.|bill., photographies |
| 490 | 1 |aRapport d'enquête aéronautique |vA02Q0098 |
| 590 | |a10-05-Supp|b2010-07-20 |
| 691 | 07|aAccident d'avion|2gcpds |
| 775 | 08|tIn-flight separation of right wing - Gilles Léger Super Chipmunk C-GLSC, Saint-Stanislas de Kostka, Quebec, 14 July 2002 |w(CaOODSP)9.566203 |
| 830 | #0|aRapport d'enquête aéronautique ;|vA02Q0098|w(CaOODSP)9.501229 |
| 856 | 40|ahttp://publications.gc.ca|qPDF|s868 Ko|uhttps://publications.gc.ca/collections/collection_2009/bst-tsb/TU3-5-02-32F.pdf|yA02Q0098 |